000 00711nam a2200229 a 4500
001 BRCA_6978
005 20190320205651.0
008 221111s1948----it-a######---#000-0#ita-#
041 _aita
044 _ait
050 4 _aNK2560
_b.P43
_c1948
100 1 _aPedrini, Augusto
_917375
245 1 0 _aIl mobilo
_bgli ambienti e le decorazioni del rinascimento in Italia secoli XV e XVI
_cAugusto Pedrini
260 _aFlorencia
_bFiorentina
_c1948
300 _aix. p
_bil., 256 láminas
_c?? cm.
500 _aO210
650 1 4 _aMuebles italianos
_917376
650 1 4 _aDecoración y ornamentación renacentista
_917377
650 1 4 _aDecoración y ornamentación
_zItalia
_914338
902 _aGFM
942 _2lcc
_cB
999 _c6659
_d6659